| 000 | 00345nam a2200145Ia 4500 | ||
|---|---|---|---|
| 008 | 150201s2010 xx 000 0 und d | ||
| 082 |
_a610.7362 _bN10M |
||
| 100 | _aMARCDANTE , KAREN | ||
| 245 | _aNELSON ESSENTIALS OF PEDIATRICS | ||
| 250 | _a6TH | ||
| 260 |
_bAITBS _aDELHI _c2010 |
||
| 300 | _a831 | ||
| 650 | _aPEDIATRICS | ||
| 942 |
_2ddc _cBK |
||
| 999 |
_c1984 _d1984 |
||